| 000 | 00801cam a2200277 4500 | ||
|---|---|---|---|
| 001 | ABS63967 | ||
| 008 | 000000n2001 000 0 eng u | ||
| 035 | _a(Sirsi) u112898 | ||
| 245 | _aRegional survey: Sussex | ||
| 260 | _c2001 | ||
| 490 |
_aProperty Week _v66(21) 25 May 2001, 57-78(10) |
||
| 590 | _aABS | ||
| 650 | _aBRIGHTON | ||
| 650 | _aCRAWLEY | ||
| 650 | _aGATWICK | ||
| 650 | _aCHICHESTER | ||
| 650 | _aPROPERTY-COMMERCIAL PROPERTY-OFFICE PROPERTY-OFFICE PROPERTY MARKET | ||
| 650 | _aPROPERTY-COMMERCIAL PROPERTY-RETAIL PROPERTY-RETAIL PROPERTY MARKET | ||
| 650 | _aINDUSTRIAL MARKET | ||
| 650 | _aHOVE | ||
| 650 | _aSHOPPING CENTRES | ||
| 650 | _aPLANNING ISSUES | ||
| 650 | _aBMW | ||
| 690 | _aPROPERTY-COMMERCIAL PROPERTY-COMMERCIAL PROPERTY MARKET | ||
| 942 | _n0 | ||
| 999 |
_c67210 _d67210 |
||